[Event "CRO-chT2 Center"]
[Site "Croatia"]
[Date "2011.10.02"]
[Round "8.62"]
[White "Gliksman, Darko"]
[Black "Margitic, Zdravko"]
[Result "1-0"]
[WhiteElo "2125"]
[BlackElo "2145"]
[PlyCount "57"]
[EventDate "2011.03.20"]
[EventType "team-tourn"]
[EventRounds "11"]
[EventCountry "CRO"]
[SourceTitle "EXT 2014"]
[Source "ChessBase"]
[SourceDate "2013.11.20"]
[SourceVersion "1"]
[SourceVersionDate "2013.11.20"]
[SourceQuality "1"]

1. e4 e5 2. Nf3 Nc6 3. Nc3 d6 4. d4 exd4 5. Nxd4 Nge7 6. Bg5 h6 7. Nxc6 bxc6 8. Bh4 Be6 9. Bd3 Qb8 10. Rb1 Ng6 11. Bg3 Be7 12. 0-0 Bf6 13. f4 Ne7 14. e5 dxe5 15. Ne4 Nd5 16. Nxf6+ gxf6 17. Qe1 exf4 18. Bxf4 Nxf4 19. Rxf4 Qb6+ 20. Kh1 Rg8 21. Bc4 Ke7 22. Qc3 f5 23. Re1 Rg5 24. Qe5 c5 25. Rxf5 Rg6 26. Ref1 Rf8 27. Rf6 Rg5 28. Qe2 Rg7 29. Bxe6 1-0

[Event "Zagreb op-A"]
[Site "Zagreb"]
[Date "2008.05.17"]
[Round "6"]
[White "Gliksman, Darko"]
[Black "Martic, Zlatko"]
[Result "0-1"]
[WhiteElo "2151"]
[BlackElo "2311"]
[PlyCount "34"]
[EventDate "2008.05.12"]
[EventType "swiss"]
[EventRounds "9"]
[EventCountry "CRO"]
[SourceTitle "CBM 124 Extra"]
[Source "ChessBase"]
[SourceDate "2008.07.03"]
[SourceVersion "1"]
[SourceVersionDate "2008.07.03"]
[SourceQuality "1"]

1. e4 d6 2. d4 Nf6 3. Nc3 g6 4. f3 c6 5. Be3 b5 6. Qd2 Nbd7 7. 0-0-0 Nb6 8. Bh6 b4 9. Nce2 Bxh6 10. Qxh6 a5 11. Nf4 Qc7 12. g4 c5 13. g5 Nfd7 14. Qg7 Rf8 15. Bb5 cxd4 16. Nge2 Qc5 17. Nxd4 Qxg5 0-1

[Event "Velika Gorica op 2nd"]
[Site "Velika Gorica"]
[Date "2002.06.25"]
[Round "4"]
[White "Gliksman, Darko"]
[Black "Rogulj, Branko"]
[Result "0-1"]
[WhiteElo "2205"]
[BlackElo "2454"]
[PlyCount "88"]
[EventDate "2002.06.22"]
[EventType "swiss"]
[EventRounds "9"]
[EventCountry "CRO"]
[SourceTitle "CBM 089 Extra"]
[Source "ChessBase"]
[SourceDate "2002.09.10"]
[SourceVersion "2"]
[SourceVersionDate "2002.09.10"]
[SourceQuality "1"]

1. Nf3 Nf6 2. g3 g6 3. Bg2 Bg7 4. 0-0 0-0 5. c4 d5 6. cxd5 Nxd5 7. Nc3 c5 8. Nxd5 Qxd5 9. d3 Nc6 10. Be3 Bd7 11. Nd4 Qd6 12. Nxc6 Bxc6 13. Bxc6 Qxc6 14. Qd2 b6 15. Bh6 Bxh6 16. Qxh6 Rad8 17. Rac1 Rd4 18. b3 Rfd8 19. Rc4 e5 20. f4 exf4 21. Rxf4 Rxf4 22. Rxf4 Re8 23. Kf2 f5 24. Rh4 Re7 25. Qc1 b5 26. Rd4 Qe8 27. Qxc5 Rxe2+ 28. Kf1 Rxa2 29. Qd5+ Kf8 30. Qd6+ Kg8 31. Qd5+ Kh8 32. Qd8 Qxd8 33. Rxd8+ Kg7 34. Rd7+ Kh6 35. h3 a5 36. Rb7 b4 37. d4 Ra3 38. Rb5 Rxb3 39. Rxa5 Rxg3 40. d5 Rxh3 41. Ke2 Kg5 42. Ra6 Ra3 43. Re6 Ra5 44. d6 Rd5 0-1

[Event "Zagreb op"]
[Site "Zagreb"]
[Date "1999.??.??"]
[Round "3"]
[White "Bozinovic, Bogdan"]
[Black "Gliksman, Darko"]
[Result "1-0"]
[WhiteElo "2241"]
[BlackElo "2250"]
[PlyCount "51"]
[EventDate "1999.??.??"]
[EventType "swiss"]
[EventRounds "9"]
[EventCountry "CRO"]
[SourceTitle "EXT 2000"]
[Source "ChessBase"]
[SourceDate "1999.11.16"]
[SourceVersion "1"]
[SourceVersionDate "1999.11.16"]
[SourceQuality "1"]

1. d4 g6 2. c4 Bg7 3. Nc3 d6 4. e4 Nd7 5. Nge2 c6 6. Be3 a6 7. Qd2 b5 8. Ng3 Nb6 9. b3 h5 10. Be2 Nf6 11. f3 h4 12. Nf1 Nh5 13. g4 hxg3 14. hxg3 Be6 15. g4 Nf6 16. Rxh8+ Bxh8 17. d5 Bd7 18. Rc1 b4 19. Nd1 c5 20. Bxc5 dxc5 21. Qh6 Bc8 22. Qxh8+ Kd7 23. Qh2 Qg8 24. Qf2 Kd6 25. e5+ Kxe5 26. Qg3+ 1-0

[Event "Tatran Cup 24th"]
[Site "Stary Smokovec"]
[Date "1976.11.25"]
[Round "4.6"]
[White "Szilagyi, Gyorgy"]
[Black "Gliksman, Darko"]
[Result "1/2-1/2"]
[WhiteElo "2380"]
[BlackElo "2355"]
[PlyCount "46"]
[EventDate "1976.11.22"]
[EventType "tourn"]
[EventRounds "13"]
[EventCountry "CSR"]
[EventCategory "4"]
[SourceTitle "MCD"]
[Source "ChessBase"]
[SourceDate "1999.07.01"]
[SourceVersion "1"]
[SourceVersionDate "1999.07.01"]
[SourceQuality "1"]

1. d4 d5 2. c4 Bf5 3. cxd5 Bxb1 4. Qa4+ c6 5. dxc6 Nxc6 6. Rxb1 e5 7. Bd2 Qxd4 8. Qxd4 exd4 9. g3 Bb4 10. Bg2 Bxd2+ 11. Kxd2 Nge7 12. Nh3 0-0-0 13. Nf4 Ne5 14. Rhc1+ Kb8 15. Rc5 f6 16. Rbc1 Rd6 17. Nd3 Nxd3 18. Kxd3 g6 19. Rb5 b6 20. Rc4 Rhd8 21. Rbb4 Nf5 22. Bh3 a5 23. Rb5 Ng7 1/2-1/2

[Event "YUG-ch31"]
[Site "Bor"]
[Date "1976.02.24"]
[Round "16"]
[White "Gliksman, Darko"]
[Black "Minic, Dragoljub"]
[Result "0-1"]
[WhiteElo "2355"]
[BlackElo "2430"]
[PlyCount "90"]
[EventDate "1976.02.04"]
[EventType "tourn"]
[EventRounds "17"]
[EventCountry "YUG"]
[SourceTitle "EXT 2010"]
[Source "ChessBase"]
[SourceDate "2010.11.25"]
[SourceVersion "1"]
[SourceVersionDate "2010.11.25"]
[SourceQuality "1"]

1. d4 Nf6 2. c4 g6 3. Nc3 Bg7 4. e4 d6 5. Nf3 0-0 6. Be2 e5 7. 0-0 Nbd7 8. Re1 c6 9. Bf1 Re8 10. b3 exd4 11. Nxd4 Ng4 12. Qxg4 Bxd4 13. Qg3 Qf6 14. Bd2 Nc5 15. Rad1 a5 16. Re2 Ne6 17. Na4 Be5 18. Qd3 g5 19. Nb6 Ra6 20. Nxc8 Rxc8 21. Kh1 c5 22. g3 Nd4 23. Bh3 Rf8 24. Re3 Qh6 25. Kg2 Kh8 26. f3 Rg8 27. Bd7 Bf4 28. Ree1 Bxd2 29. Qxd2 Qf6 30. Bg4 Qg6 31. Bd7 Rd8 32. Bh3 h5 33. Kf2 g4 34. fxg4 hxg4 35. Bg2 Re8 36. Kg1 Re5 37. Re3 Ra8 38. Ree1 b6 39. Qc3 Kg7 40. Re3 Rh8 41. Rd2 Qh6 42. Bh1 Kf8 43. Re1 Rh5 44. Qb2 Rh3 45. Rxd4 Rxg3+ 0-1

[Event "YUG-ch31"]
[Site "Bor"]
[Date "1976.02.20"]
[Round "13"]
[White "Osterman, Rudolf"]
[Black "Gliksman, Darko"]
[Result "1-0"]
[WhiteElo "2310"]
[BlackElo "2355"]
[PlyCount "79"]
[EventDate "1976.02.04"]
[EventType "tourn"]
[EventRounds "17"]
[EventCountry "YUG"]
[SourceTitle "EXT 2010"]
[Source "ChessBase"]
[SourceDate "2010.11.25"]
[SourceVersion "1"]
[SourceVersionDate "2010.11.25"]
[SourceQuality "1"]

1. d4 Nf6 2. c4 g6 3. Nc3 Bg7 4. e4 d6 5. Be2 0-0 6. Bg5 c5 7. d5 h6 8. Be3 e6 9. Qd2 exd5 10. exd5 Kh7 11. h3 Bf5 12. g4 Bd7 13. Nf3 Na6 14. g5 hxg5 15. Nxg5+ Kg8 16. Rg1 Qc8 17. h4 Bg4 18. f3 Bf5 19. Nce4 Qd7 20. a3 Rfe8 21. Bd3 b5 22. cxb5 Nc7 23. 0-0-0 Rab8 24. a4 a6 25. Nxf6+ Bxf6 26. Ne4 Bg7 27. Bh6 Bd4 28. h5 Nxd5 29. hxg6 Bxg6 30. Bc4 Qf5 31. Bxd5 Bxg1 32. Rxg1 Re5 33. Rg5 Rxd5 34. Qxd5 Qxd5 35. Nf6+ Kh8 36. Nxd5 axb5 37. Rg4 bxa4 38. Rxa4 Rb3 39. Nf6 Rb8 40. Rh4 1-0

[Event "YUG-ch31"]
[Site "Bor"]
[Date "1976.02.16"]
[Round "10"]
[White "Gliksman, Darko"]
[Black "Vukic, Milan"]
[Result "0-1"]
[WhiteElo "2355"]
[BlackElo "2510"]
[PlyCount "94"]
[EventDate "1976.02.04"]
[EventType "tourn"]
[EventRounds "17"]
[EventCountry "YUG"]
[SourceTitle "EXT 2010"]
[Source "ChessBase"]
[SourceDate "2010.11.25"]
[SourceVersion "1"]
[SourceVersionDate "2010.11.25"]
[SourceQuality "1"]

1. d4 Nf6 2. c4 c5 3. Nf3 cxd4 4. Nxd4 a6 5. Nc3 e6 6. e4 d6 7. Be2 Be7 8. 0-0 0-0 9. b3 Qc7 10. Bb2 b6 11. f4 Bb7 12. Bf3 Nc6 13. Kh1 Rac8 14. Rc1 Qb8 15. Nxc6 Bxc6 16. e5 Bxf3 17. Qxf3 dxe5 18. fxe5 Nd7 19. Ne4 Nxe5 20. Qh5 f5 21. Ng5 Bxg5 22. Qxg5 Rf7 23. Bxe5 Qxe5 24. Rfe1 Qd6 25. Rcd1 Qc6 26. Qe3 Re8 27. Qd4 h6 28. Qd6 Rc7 29. h3 Kf7 30. Qd4 Ree7 31. Qe3 Rcd7 32. Qe2 Rxd1 33. Rxd1 Rd7 34. Rxd7+ Qxd7 35. Qe5 Qc6 36. Qd4 a5 37. a3 Qc5 38. Qd7+ Kf6 39. Qd8+ Ke5 40. Qd3 Qd4 41. Qf1 Kf6 42. b4 axb4 43. axb4 e5 44. Qc1 e4 45. Qf4 Qa1+ 46. Kh2 Qe5 47. g3 Qxf4 0-1

[Event "YUG-ch31"]
[Site "Bor"]
[Date "1976.02.12"]
[Round "7"]
[White "Sahovic, Dragutin"]
[Black "Gliksman, Darko"]
[Result "1/2-1/2"]
[WhiteElo "2420"]
[BlackElo "2355"]
[PlyCount "35"]
[EventDate "1976.02.04"]
[EventType "tourn"]
[EventRounds "17"]
[EventCountry "YUG"]
[SourceTitle "EXT 2010"]
[Source "ChessBase"]
[SourceDate "2010.11.25"]
[SourceVersion "1"]
[SourceVersionDate "2010.11.25"]
[SourceQuality "1"]

1. d4 d5 2. c4 e6 3. Nc3 Be7 4. Nf3 Nf6 5. g3 0-0 6. Bg2 dxc4 7. 0-0 Nbd7 8. e4 a6 9. Qc2 Re8 10. Rd1 b5 11. a4 b4 12. Ne2 a5 13. Nf4 Bb7 14. e5 Nd5 15. Qxc4 N7b6 16. Qe2 Nxf4 17. Bxf4 Nd5 18. Qd2 1/2-1/2

[Event "YUG-ch31"]
[Site "Bor"]
[Date "1976.02.08"]
[Round "4"]
[White "Gliksman, Darko"]
[Black "Hulak, Krunoslav"]
[Result "1/2-1/2"]
[WhiteElo "2355"]
[BlackElo "2470"]
[PlyCount "21"]
[EventDate "1976.02.04"]
[EventType "tourn"]
[EventRounds "17"]
[EventCountry "YUG"]
[SourceTitle "EXT 2010"]
[Source "ChessBase"]
[SourceDate "2010.11.25"]
[SourceVersion "1"]
[SourceVersionDate "2010.11.25"]
[SourceQuality "1"]

1. Nf3 Nf6 2. c4 g6 3. d4 Bg7 4. Nc3 0-0 5. e4 d6 6. Be2 c5 7. 0-0 cxd4 8. Nxd4 Nc6 9. Be3 a6 10. f3 Bd7 11. Qd2 1/2-1/2